Economics / (Record no. 1492)

MARC details
000 -LEADER
fixed length control field 00754nam a22002415a 4500
005 - DATE AND TIME OF LATEST TRANSACTION
control field 20171217125151.0
008 - FIXED-LENGTH DATA ELEMENTS--GENERAL INFORMATION
fixed length control field 171217t2005 nyua frb 001 0 eng d
020 ## - INTERNATIONAL STANDARD BOOK NUMBER
International Standard Book Number 0071239324
020 ## - INTERNATIONAL STANDARD BOOK NUMBER
International Standard Book Number 9780071239325
040 ## - CATALOGING SOURCE
Original cataloging agency EG-ScBUE
Language of cataloging eng
Transcribing agency EG-ScBUE
Modifying agency EG-ScBUE
082 04 - DEWEY DECIMAL CLASSIFICATION NUMBER
Classification number 330
Item number SAM
Edition number 22
100 1# - MAIN ENTRY--PERSONAL NAME
Personal name Samuelson, Paul A.
9 (RLIN) 27505
245 10 - TITLE STATEMENT
Title Economics /
Statement of responsibility, etc Paul A. Samuelson, William D. Nordhaus.
250 ## - EDITION STATEMENT
Edition statement 18th ed., International ed.
260 ## - PUBLICATION, DISTRIBUTION, ETC. (IMPRINT)
Place of publication, distribution, etc New York :
Name of publisher, distributor, etc The McGraw-Hill,
Date of publication, distribution, etc 2005.
300 ## - PHYSICAL DESCRIPTION
Extent xxiv, 776 p. :
Other physical details ill. (some col.) ;
Dimensions 27 cm.
504 ## - BIBLIOGRAPHY, ETC. NOTE
Bibliography, etc Includes bibliographical references and index.
650 #7 - SUBJECT ADDED ENTRY--TOPICAL TERM
Topical term or geographic name as entry element Economics.
Source of heading or term BUEsh
651 ## - SUBJECT ADDED ENTRY--GEOGRAPHIC NAME
Source of heading or term BUEsh
653 ## - INDEX TERM--UNCONTROLLED
Resource For college BAEPS, Economics
Arrived date list December2017
700 1# - ADDED ENTRY--PERSONAL NAME
Personal name Nordhaus, William D.
942 ## - ADDED ENTRY ELEMENTS (KOHA)
Item type Book - Borrowing
Source of classification or shelving scheme Dewey Decimal Classification
Holdings
Withdrawn status Item status Damaged status Not for loan Home library Current library Shelving location Date acquired Source of acquisition Cost, normal purchase price Total Checkouts Full call number Barcode Date last seen Cost, replacement price Koha item type Date last borrowed Total Renewals Source of classification or shelving scheme Vendor Materials specified (bound volume or other part)
        Central Library Central Library First floor 19/10/2006 Purchase 150.00 2 330 SAM 000002884 15/07/2025 187.50 Book - Borrowing          
        Central Library Central Library First floor 19/10/2006 Purchase 150.00 10 330 SAM 000002883 15/07/2025 187.50 Book - Borrowing 11/11/2019        
        Central Library Central Library First floor 19/10/2006 Purchase 150.00 5 330 SAM 000002882 15/07/2025 187.50 Book - Borrowing 05/11/2017 1      
        Central Library Central Library First floor 19/10/2006 Purchase 150.00 8 330 SAM 000002881 15/07/2025 187.50 Book - Borrowing          
        Central Library Central Library First floor 19/10/2006 Purchase 150.00 9 330 SAM 000002880 15/07/2025 187.50 Book - Borrowing 30/07/2019 1      
        Central Library Central Library First floor 19/10/2006 Purchase 150.00 5 330 SAM 000005233 15/07/2025 187.50 Book - Borrowing          
        Central Library Central Library First floor 19/10/2006 Purchase 150.00 6 330 SAM 000005232 15/07/2025 187.50 Book - Borrowing 21/10/2019 18      
        Central Library Central Library First floor 19/10/2006   150.00 5 330 SAM 000005885 25/10/2025 187.50 Book - Borrowing 25/08/2021 11 Dewey Decimal Classification    
        Central Library Central Library First floor 19/10/2006 Purchase 150.00 12 330 SAM 000006216 15/07/2025 187.50 Book - Borrowing 09/12/2019 10      
        Central Library Central Library First floor 14/01/2010   150.00 1 330 SAM 000006112 15/07/2025 187.50 NB - Book (Non borrowing) 29/09/2011 1 Dewey Decimal Classification    
  Lost     Central Library Central Library First floor 14/01/2010   150.00   330 SAM 000019325 27/08/2011 187.50 NB - Book (Non borrowing)     Dewey Decimal Classification   Lost In Inventory_2015-8-23
        Central Library Central Library First floor 17/12/2017 Purchase   1 330 SAM 000042661 15/07/2025   Book - Borrowing 20/10/2019 5 Dewey Decimal Classification    
        Central Library Central Library First floor 05/02/2018       330 SAM 000042744 15/07/2025   NB - Book (Non borrowing)     Dewey Decimal Classification